000 00399nam a2200145Ia 4500
008 100122s9999 xx 000 0 und d
082 _b5157
_a821
100 _aसाठे शं गो
245 _aतो आणि ती
260 _bश्री. वि. दामले
_c1941
300 _a50
630 _aतो आणि ती
730 _aतो आणि ती
942 _cBOOK
999 _c398506
_d398503